Welcome to the Holygrace Academy Library

Please use search bar below to get started

NJANATHMAK NIBHANDH (Record no. 5341)

MARC details
000 -LEADER
fixed length control field 00249nam a22001217a 4500
082 ## - DEWEY DECIMAL CLASSIFICATION NUMBER
Classification number 494
Item number KUM/N
100 ## - MAIN ENTRY--AUTHOR NAME
Personal name SUBHODH KUMAR
245 ## - TITLE STATEMENT
Title NJANATHMAK NIBHANDH
260 ## - PUBLICATION, DISTRIBUTION, ETC. (IMPRINT)
Place of publication MEERUT
Name of publisher MINI BOOKS
300 ## - PHYSICAL DESCRIPTION
Number of Pages 424
650 ## - SUBJECT ADDED ENTRY--TOPICAL TERM
Topical Term ESSAY
Geographic subdivision INDIA
942 ## - ADDED ENTRY ELEMENTS (KOHA)
Koha item type Books
Holdings
Withdrawn status Lost status Collection code Home library Current library Shelving location Date acquired Source of acquisition Full call number Accession Number Koha item type
    Reference Main Library Main Library   09/03/2038 PURCHASE 494 KUM/N 09863 Books